000 00470nam a2200181Ia 4500
001 8700
005 20260306160629.0
008 260306t2005||||xx |||||||||||||| ||spa||
041 _aESP
082 _a371.3
_bG25
100 _aGarcía-Huidobro B., Cecilia
_eAUT
245 2 _aA estudiar se aprende:
_bMetodología de estudio sesión por sesión
260 _c2005
300 _a191 páginas :
_c23 cm.
650 _aGEN
654 _aCED
942 _cLIB
_dJUS
_fJUS
_2ddc
_n
999 _c8700
_d8700